000 00650nam a2200253Ma 4500
001 85750
005 20230410142425.0
008 090114s2008 fr 000 0 fre d
035 _a(OCoLC)ocn300153389
040 _aGEBAY
_eaacr
_bger
_cGEBAY
016 7 _2XX-XxUND
_aAA04254420001
020 _a9782221111987
020 _a2221111982
035 _a(OCoLC)300153389
049 _aGRAL
050 1 4 _aOR73q 2008
100 1 _aOrmesson, Jean d'
245 0 0 _aQu'ai-je donc fait
_cJean d'Ormesson
260 _aParis
_bLaffont
_c2008
300 _a367 S. :
_bgraph. Darst. ;
_c22 cm
942 _2lcc
_cbk
994 _aC0
_bDRFGD
946 _anc
999 _c95365
_d95365